[Event "SportAccord Blitz 2014"]
[Site "Beijing CHN"]
[Date "2014.12.13"]
[Round "1.3"]
[White "Dominguez Perez, Leinier"]
[Black "Leko, Peter"]
[Result "1/2-1/2"]
[WhiteTitle "GM"]
[BlackTitle "GM"]
[WhiteElo "2726"]
[BlackElo "2723"]
[WhiteFideId "3503240"]
[BlackFideId "703303"]
[EventDate "2014.12.13"]

1. e4 e5 2. Nf3 Nc6 3. Bb5 Nf6 4. O-O Nxe4 5. d4 Nd6 6. Bxc6 dxc6 7. dxe5 Nf5 8.
Qxd8+ Kxd8 9. Rd1+ Ke8 10. Nc3 Ne7 11. h3 Ng6 12. Re1 Be7 13. Kh2 Bd7 14. Bg5
Rd8 15. Rad1 h5 16. Ne4 Bf5 17. Rxd8+ Bxd8 18. Bxd8 Kxd8 19. Nd4 Bc8 20. Ng5 Ke7
21. e6 fxe6 22. Ngxe6 Bxe6 23. Nxe6 Kf6 24. Nc5 b6 25. Ne4+ Kf5 26. Ng3+ Kf6 27.
Ne4+ Kf5 28. Ng3+ Kf6 29. Ne4+ Kf5 1/2-1/2

[Event "SportAccord Blitz 2014"]
[Site "Beijing CHN"]
[Date "2014.12.13"]
[Round "1.5"]
[White "Bacrot, Etienne"]
[Black "Vachier-Lagrave, Maxime"]
[Result "1/2-1/2"]
[WhiteTitle "GM"]
[BlackTitle "GM"]
[WhiteElo "2718"]
[BlackElo "2758"]
[WhiteFideId "605506"]
[BlackFideId "623539"]
[EventDate "2014.12.13"]

1. d4 Nf6 2. c4 g6 3. Nc3 d5 4. cxd5 Nxd5 5. e4 Nxc3 6. bxc3 Bg7 7. Bc4 c5 8.
Ne2 Nc6 9. Be3 O-O 10. O-O Bg4 11. f3 Bd7 12. Rb1 Qc7 13. Bf4 Qc8 14. Be3 Qc7
15. Bf4 Qc8 16. Be3 Qc7 1/2-1/2

[Event "SportAccord Blitz 2014"]
[Site "Beijing CHN"]
[Date "2014.12.13"]
[Round "2.4"]
[White "Wojtaszek, Radoslaw"]
[Black "Bacrot, Etienne"]
[Result "1-0"]
[WhiteTitle "GM"]
[BlackTitle "GM"]
[WhiteElo "2744"]
[BlackElo "2718"]
[WhiteFideId "1118358"]
[BlackFideId "605506"]
[EventDate "2014.12.13"]

1. d4 Nf6 2. c4 e6 3. Nf3 b6 4. g3 Ba6 5. Qb3 d5 6. cxd5 Qxd5 7. Qd1 Bb4+ 8. Bd2
Bxd2+ 9. Qxd2 Ne4 10. Qc2 Qa5+ 11. Nc3 Nxc3 12. bxc3 Nd7 13. Bg2 Rc8 14. O-O O-O
15. c4 Bb7 16. e4 Rfd8 17. Rfe1 e5 18. d5 Qc5 19. Nd2 Qe7 20. Bh3 c6 21. Qb2 Ba6
22. Rec1 Rc7 23. Nb3 Nf6 24. Bg2 Rdc8 25. Rd1 cxd5 26. cxd5 Rc2 27. Qb1 Ng4 28.
Rd2 Rxd2 29. Nxd2 Qc5 30. Qe1 Nf6 31. Nb3 Qd6 32. Rc1 Rc4 33. f3 h6 34. Bf1 Rxc1
35. Qxc1 Bxf1 36. Kxf1 Nd7 37. Qc6 Qe7 38. Qc7 Qf6 39. Qxd7 Qxf3+ 40. Ke1 Qxe4+
41. Kd2 Qb4+ 42. Kc2 Qc4+ 43. Kb2 e4 44. d6 Qe2+ 45. Ka3 Qd3 46. Qe8+ Kh7 47. d7
Qd6+ 48. Ka4 a5 49. Qxe4+ g6 50. Qd4 b5+ 51. Kxb5 Qb8+ 52. Ka4 1-0

[Event "SportAccord Blitz 2014"]
[Site "Beijing CHN"]
[Date "2014.12.13"]
[Round "2.6"]
[White "Aronian, Levon"]
[Black "Dominguez Perez, Leinier"]
[Result "1-0"]
[WhiteTitle "GM"]
[BlackTitle "GM"]
[WhiteElo "2797"]
[BlackElo "2726"]
[WhiteFideId "13300474"]
[BlackFideId "3503240"]
[EventDate "2014.12.13"]

1. Nf3 c5 2. c4 Nc6 3. Nc3 e5 4. e3 Nf6 5. d4 e4 6. d5 exf3 7. dxc6 bxc6 8. e4
Qc7 9. gxf3 Bd6 10. Be3 O-O 11. Qd2 Re8 12. O-O-O Be5 13. Rg1 d5 14. cxd5 cxd5
15. f4 d4 16. fxe5 dxe3 17. Qxe3 Qxe5 18. Bb5 Rf8 19. Rg5 Qxh2 20. Rxg7+ Kh8 21.
Qg5 Ng8 22. Rxg8+ 1-0

[Event "SportAccord Blitz 2014"]
[Site "Beijing CHN"]
[Date "2014.12.13"]
[Round "2.8"]
[White "Harikrishna, Pentala"]
[Black "Nepomniachtchi, Ian"]
[Result "0-1"]
[WhiteTitle "GM"]
[BlackTitle "GM"]
[WhiteElo "2727"]
[BlackElo "2714"]
[WhiteFideId "5007003"]
[BlackFideId "4168119"]
[EventDate "2014.12.13"]

1. b3 b6 2. e4 Bb7 3. Nc3 e6 4. Qe2 Nc6 5. Nf3 g6 6. Bb2 Bg7 7. g3 Nge7 8. Bg2
O-O 9. O-O d5 10. d4 Nxd4 11. Nxd4 Bxd4 12. Rad1 c5 13. exd5 exd5 14. Rxd4 cxd4
15. Nb5 Ba6 16. Bxd4 Nf5 17. Bb2 Qe8 18. Qxe8 Rfxe8 19. c4 Bxb5 20. cxb5 Rad8
21. Bf3 d4 22. Rd1 h5 23. Kf1 d3 24. Bf6 Rd6 25. Bg5 Nd4 26. Rxd3 Nxf3 27. Rxd6
Nxg5 28. Rd7 Ra8 29. a4 Ne6 30. b4 a5 31. bxa6 Rxa6 32. Rd6 Rxa4 33. Rxb6 Ra2
34. b5 Rb2 35. Rb8+ Kg7 36. b6 Nc5 37. Kg2 Nd7 38. Rb7 Nxb6 39. Kf3 Nc4 40. Rc7
Ne5+ 0-1

[Event "SportAccord Blitz 2014"]
[Site "Beijing CHN"]
[Date "2014.12.13"]
[Round "3.2"]
[White "Bacrot, Etienne"]
[Black "Leko, Peter"]
[Result "1/2-1/2"]
[WhiteTitle "GM"]
[BlackTitle "GM"]
[WhiteElo "2718"]
[BlackElo "2723"]
[WhiteFideId "605506"]
[BlackFideId "703303"]
[EventDate "2014.12.13"]

1. Nf3 Nf6 2. c4 c5 3. Nc3 Nc6 4. g3 d5 5. cxd5 Nxd5 6. Bg2 g6 7. d3 Bg7 8. Bd2
O-O 9. h4 h5 10. Rc1 b6 11. Ng5 e6 12. O-O Bb7 13. Nge4 Qd7 14. a3 Rac8 15. e3
Rfd8 16. Nxd5 exd5 17. Nc3 d4 18. exd4 Nxd4 19. Ne4 Ne6 20. Bc3 Nd4 21. Re1 Bd5
22. b4 cxb4 23. Bxb4 Be6 24. Rxc8 Rxc8 25. Qd2 Bg4 26. Qg5 Nf3+ 27. Bxf3 Bxf3
28. Nf6+ Bxf6 29. Qxf6 Qf5 30. Bc3 Qxf6 31. Bxf6 Kf8 32. Kf1 Rc6 33. Be7+ Kg7
34. Bg5 a5 35. Rc1 b5 36. Rxc6 Bxc6 37. Bd2 a4 38. Ke2 Kf6 39. Ke3 Ke6 40. Kd4
Bf3 41. Kc5 Be2 42. Kxb5 Bxd3+ 43. Kxa4 Kd5 44. Ka5 Kc6 45. Kb4 Kd5 46. Bg5 Bf1
47. Kc3 Ke4 48. Be3 Be2 49. a4 Bf1 50. Kb4 Kd5 51. Ba7 Be2 52. a5 Bf1 53. Kc3
Ba6 54. Bb6 Ke4 55. Kd2 Bb5 56. Kc3 Ba6 57. Kb4 Kd5 1/2-1/2

[Event "SportAccord Blitz 2014"]
[Site "Beijing CHN"]
[Date "2014.12.13"]
[Round "3.3"]
[White "Wang, Hao"]
[Black "Wojtaszek, Radoslaw"]
[Result "1-0"]
[WhiteTitle "GM"]
[BlackTitle "GM"]
[WhiteElo "2710"]
[BlackElo "2744"]
[WhiteFideId "8602883"]
[BlackFideId "1118358"]
[EventDate "2014.12.13"]

1. Nf3 Nf6 2. d4 e6 3. c4 b6 4. Nc3 Bb7 5. a3 d5 6. cxd5 Nxd5 7. e3 g6 8. h4 Bg7
9. h5 Nd7 10. Nxd5 Bxd5 11. Bd2 c5 12. Bc3 cxd4 13. Bxd4 Bxd4 14. Qxd4 Rf8 15.
Bb5 Bxf3 16. gxf3 a6 17. hxg6 hxg6 18. Bc6 Rc8 19. Rc1 Ke7 20. Ke2 Nf6 21. Qb4+
Qd6 22. Qxb6 Nd7 23. Qxa6 Nb8 24. Qa4 Rxc6 25. Rhd1 Qc7 26. Qb4+ Ke8 27. Rxc6
Nxc6 28. Qc5 Qb7 29. b4 Rh8 30. b5 Ne7 31. Qd4 Qxb5+ 32. Rd3 Nd5 33. Qxh8+ Ke7
34. Qh4+ g5 35. Qxg5+ Ke8 36. Qe5 1-0

[Event "SportAccord Blitz 2014"]
[Site "Beijing CHN"]
[Date "2014.12.13"]
[Round "3.4"]
[White "Ponomariov, Ruslan"]
[Black "Vachier-Lagrave, Maxime"]
[Result "1/2-1/2"]
[WhiteTitle "GM"]
[BlackTitle "GM"]
[WhiteElo "2714"]
[BlackElo "2758"]
[WhiteFideId "14103320"]
[BlackFideId "623539"]
[EventDate "2014.12.13"]

1. e4 c5 2. Nf3 d6 3. d4 cxd4 4. Nxd4 Nf6 5. Nc3 a6 6. h3 e6 7. g4 d5 8. Bg2
Nxe4 9. Nxe4 dxe4 10. Bxe4 Nd7 11. c3 Qc7 12. Qe2 Be7 13. Be3 Nf6 14. Bg2 O-O
15. O-O-O Rd8 16. Kb1 Nd5 17. Bc1 Nf4 18. Bxf4 Qxf4 19. Nf5 Rxd1+ 20. Rxd1 Bf8
21. Qe3 Qc7 22. Qg3 e5 23. Bd5 Rb8 24. Re1 Bxf5+ 25. gxf5 Re8 26. h4 b5 27. h5
Qd6 28. Rd1 Qf6 29. Qf3 Rd8 30. a3 Rd6 31. Be4 Rxd1+ 32. Qxd1 Qh4 33. Qf3 a5 34.
Bd5 b4 35. cxb4 axb4 36. a4 Qd4 37. Ka2 Bc5 38. Bb3 Qd8 39. Qb7 Qe7 40. Qc8+ Qf8
41. Qc7 Qe7 42. Qb8+ Qf8 43. Qxe5 Bxf2 44. Qd5 Kh8 45. Bc4 g6 46. f6 gxh5 47.
Qxh5 Bd4 48. Qh4 Qd6 49. Bd3 Qd5+ 50. Kb1 h5 51. Qh3 Bxf6 52. Qf5 Qxf5 53. Bxf5
Bd4 54. Kc2 Kg7 55. Kb3 Kf6 56. Bc8 Ke5 57. Kxb4 Bxb2 58. Kc4 Kf4 59. Kd3 Kg3
60. Ke2 Bd4 61. Kf1 h4 62. Bb7 f5 63. a5 f4 64. Ke2 h3 65. a6 Ba7 66. Bc6 h2 67.
Bb7 Bb6 68. Bc6 Ba7 69. Bb7 Bb6 70. Bc6 1/2-1/2

[Event "SportAccord Blitz 2014"]
[Site "Beijing CHN"]
[Date "2014.12.13"]
[Round "4.1"]
[White "Wojtaszek, Radoslaw"]
[Black "Ponomariov, Ruslan"]
[Result "1-0"]
[WhiteTitle "GM"]
[BlackTitle "GM"]
[WhiteElo "2744"]
[BlackElo "2714"]
[WhiteFideId "1118358"]
[BlackFideId "14103320"]
[EventDate "2014.12.13"]

1. d4 d5 2. c4 e6 3. Nc3 Nf6 4. Nf3 c6 5. e3 Nbd7 6. Qc2 Bd6 7. Be2 O-O 8. O-O
dxc4 9. Bxc4 e5 10. h3 h6 11. a3 Re8 12. Ba2 exd4 13. Nxd4 Nc5 14. Nf5 Bxf5 15.
Qxf5 Be5 16. Rd1 Qb6 17. Rb1 Nb3 18. Qc2 Nxc1 19. Rbxc1 Rad8 20. Na4 Qc7 21. Nc5
Qe7 22. Bb1 g6 23. Ba2 Kg7 24. Nd3 Bb8 25. Nc5 h5 26. b4 h4 27. Qc3 Rxd1+ 28.
Rxd1 Rd8 29. Rxd8 Qxd8 30. Qb3 Qe7 31. Kf1 Bd6 32. Nd3 a6 33. Ke2 Nd5 34. Qb2+
Nf6 35. Qb3 Bb8 36. Qc3 Qe4 1-0

[Event "SportAccord Blitz 2014"]
[Site "Beijing CHN"]
[Date "2014.12.13"]
[Round "4.2"]
[White "Leko, Peter"]
[Black "Wang, Hao"]
[Result "1/2-1/2"]
[WhiteTitle "GM"]
[BlackTitle "GM"]
[WhiteElo "2723"]
[BlackElo "2710"]
[WhiteFideId "703303"]
[BlackFideId "8602883"]
[EventDate "2014.12.13"]

1. e4 c6 2. d4 d5 3. Nc3 dxe4 4. Nxe4 Nd7 5. Nf3 Ngf6 6. Nxf6+ Nxf6 7. c3 Qc7 8.
Bc4 Bf5 9. O-O e6 10. Qe2 Bg4 11. h3 Bxf3 12. Qxf3 Be7 13. Re1 O-O 14. g3 Rad8
15. Kg2 Rd7 16. h4 a6 17. a4 c5 18. dxc5 Qxc5 19. Bb3 Qb6 20. Bc2 Rfd8 21. Re2
a5 22. Be3 Bc5 23. Bg5 Be7 24. Rae1 h6 25. Be3 Qc6 26. Bd4 Qxf3+ 27. Kxf3 Rc8
28. Bd3 Bc5 29. Bb5 Rdd8 30. Be5 Bd6 31. Bd4 Bc5 32. Be5 Bd6 33. Bd4 Bc5 34. Be5
Bd6 1/2-1/2

[Event "SportAccord Blitz 2014"]
[Site "Beijing CHN"]
[Date "2014.12.13"]
[Round "4.3"]
[White "Aronian, Levon"]
[Black "Bacrot, Etienne"]
[Result "1/2-1/2"]
[WhiteTitle "GM"]
[BlackTitle "GM"]
[WhiteElo "2797"]
[BlackElo "2718"]
[WhiteFideId "13300474"]
[BlackFideId "605506"]
[EventDate "2014.12.13"]

1. Nf3 Nf6 2. c4 g6 3. Nc3 Bg7 4. g3 c5 5. Bg2 Nc6 6. d4 cxd4 7. Nxd4 O-O 8. O-O
Qa5 9. Nb3 Qh5 10. c5 a5 11. e3 a4 12. Qxh5 Nxh5 13. Nd4 Nxd4 14. exd4 Bxd4 15.
Nd5 a3 16. Rb1 Bxc5 17. Bh6 Rd8 18. Rfc1 Bd6 19. Nb6 Rb8 20. bxa3 Nf6 21. Rc2
Ng4 22. Bg5 Ne5 23. Rd1 Bxa3 24. Rc3 Bb4 25. Rb3 Bc5 26. Na4 Ba7 27. Bxe7 Re8
28. Bd6 Ra8 29. Nc3 Ng4 30. Rb2 Bb8 31. Nb5 Bxd6 32. Nxd6 Rf8 33. Rc2 Ne5 34.
Rc7 Nc6 35. h4 Rb8 36. a4 b6 37. f4 Ba6 38. Rxd7 Nb4 39. Ne4 Kg7 40. h5 Rbe8 41.
hxg6 hxg6 42. R1d6 Bc8 43. Rc7 Bf5 44. Ng5 Nd3 45. Bf1 Re1 46. Rc3 Nc5 47. Kf2
Ra1 48. Bb5 Nxa4 49. Bxa4 Rxa4 50. Rxb6 Ra2+ 51. Kf3 Ra7 52. g4 Bd7 53. Kg3 Rc8
54. Rxc8 Bxc8 55. Rb3 Bd7 56. Ne4 Bc6 57. Nf2 Ra2 58. Rc3 Bb7 59. Rb3 Bc6 60.
Rc3 Bb7 61. Rb3 Bc6 1/2-1/2

[Event "SportAccord Blitz 2014"]
[Site "Beijing CHN"]
[Date "2014.12.13"]
[Round "5.1"]
[White "Ponomariov, Ruslan"]
[Black "Leko, Peter"]
[Result "1/2-1/2"]
[WhiteTitle "GM"]
[BlackTitle "GM"]
[WhiteElo "2714"]
[BlackElo "2723"]
[WhiteFideId "14103320"]
[BlackFideId "703303"]
[EventDate "2014.12.13"]

1. d4 Nf6 2. c4 e6 3. Nc3 Bb4 4. Qc2 O-O 5. a3 Bxc3+ 6. Qxc3 b6 7. Nf3 Bb7 8. e3
d5 9. b3 Nbd7 10. Be2 c5 11. O-O Rc8 12. a4 Qc7 13. Rd1 dxc4 14. bxc4 Bxf3 15.
gxf3 cxd4 16. exd4 Rfd8 17. f4 Nf8 18. Qg3 Ne4 19. Qf3 Nd6 20. Be3 Nf5 21. a5
Ng6 22. axb6 axb6 23. Rab1 h6 24. Rb4 Rd7 25. Qe4 Nge7 26. Rdb1 Nc6 27. Rxb6
Ncxd4 28. Bf1 Nxe3 29. fxe3 Nf5 30. Rb7 Qd8 31. Rxd7 Qxd7 32. Bd3 Qa7 33. Kf2
Rd8 34. Be2 Rd2 35. Rd1 Rb2 36. Rd8+ Kh7 37. Qd3 Qa2 38. c5 Rc2 39. Rd7 Rxc5 40.
Rxf7 Qc2 41. Qxc2 Rxc2 42. Rd7 Kg6 43. Kf3 Rc3 44. Bd3 Kf6 45. Bxf5 exf5 46.
Rd6+ Kf7 47. h4 h5 48. Rd7+ Kf6 49. Rd6+ Kf7 50. Rd7+ Kf6 1/2-1/2

[Event "SportAccord Blitz 2014"]
[Site "Beijing CHN"]
[Date "2014.12.13"]
[Round "5.5"]
[White "Dominguez Perez, Leinier"]
[Black "Harikrishna, Pentala"]
[Result "1-0"]
[WhiteTitle "GM"]
[BlackTitle "GM"]
[WhiteElo "2726"]
[BlackElo "2727"]
[WhiteFideId "3503240"]
[BlackFideId "5007003"]
[EventDate "2014.12.13"]

1. e4 e5 2. Nf3 Nc6 3. Bb5 a6 4. Ba4 Nf6 5. O-O Be7 6. d3 d6 7. c3 O-O 8. Nbd2
Nd7 9. Bc2 Bf6 10. Re1 Nc5 11. Nf1 Bg4 12. Ne3 Bxf3 13. Qxf3 Bg5 14. g3 g6 15.
h4 Bh6 16. h5 Ne6 17. Kg2 Kg7 18. Rh1 Bg5 19. Qg4 Qd7 20. Qh3 Rh8 21. Kg1 Rad8
22. Qg4 Bxe3 23. Bxe3 Nc5 24. Qh4 Qe7 25. h6+ Kf8 26. Bg5 Qd7 27. Bxd8 Nxd8 28.
Qf6 Rg8 29. d4 exd4 30. cxd4 Nce6 31. Bb3 Qe7 32. Qxe7+ Kxe7 33. Rd1 Ng5 34. Kg2
Nc6 35. f4 Nxe4 36. Rhe1 1-0

[Event "SportAccord Blitz 2014"]
[Site "Beijing CHN"]
[Date "2014.12.13"]
[Round "5.8"]
[White "Wang, Hao"]
[Black "Aronian, Levon"]
[Result "1/2-1/2"]
[WhiteTitle "GM"]
[BlackTitle "GM"]
[WhiteElo "2710"]
[BlackElo "2797"]
[WhiteFideId "8602883"]
[BlackFideId "13300474"]
[EventDate "2014.12.13"]

1. d4 Nf6 2. c4 g6 3. g3 c5 4. Nf3 Bg7 5. Bg2 O-O 6. Nc3 cxd4 7. Nxd4 Qc7 8. Nd5
Qxc4 9. Nxe7+ Kh8 10. Nxc8 Rxc8 11. O-O Nc6 12. Nb3 Re8 13. e3 a5 14. Bd2 a4 15.
Rc1 Qb5 16. Nd4 Nxd4 17. exd4 Qxb2 18. Rc2 Qxd4 19. Qc1 Ne4 20. Be3 Qe5 21. Bf4
Qa5 22. Bxe4 Rxe4 23. Rc7 b5 24. Rxd7 Qc3 25. Rxf7 Rd8 26. Qb1 Rb4 27. Qe1 Qxe1
28. Rxe1 Kg8 29. Rb7 Rb2 30. Ree7 Bd4 31. Be3 Bxe3 32. Rxe3 Rf8 33. Ree7 Rfxf2
34. Rb8+ Rf8 35. Rbb7 Rff2 36. Rb8+ Rf8 37. Rbb7 Rff2 1/2-1/2

[Event "SportAccord Blitz 2014"]
[Site "Beijing CHN"]
[Date "2014.12.13"]
[Round "6.3"]
[White "Wojtaszek, Radoslaw"]
[Black "Nepomniachtchi, Ian"]
[Result "1-0"]
[WhiteTitle "GM"]
[BlackTitle "GM"]
[WhiteElo "2744"]
[BlackElo "2714"]
[WhiteFideId "1118358"]
[BlackFideId "4168119"]
[EventDate "2014.12.13"]

1. Nf3 c5 2. c4 Nf6 3. d4 cxd4 4. Nxd4 g6 5. Nc3 d5 6. Nf3 Be6 7. Ng5 d4 8. Nxe6
fxe6 9. Nb1 Nc6 10. g3 Bg7 11. Bg2 O-O 12. O-O Rc8 13. Nd2 b6 14. Rb1 d3 15.
exd3 Qxd3 16. Qf3 Qxf3 17. Nxf3 Nb4 18. Bd2 Nd3 19. Nd4 Rxc4 20. Nxe6 Rfc8 21.
Bc3 Bh8 22. Rfd1 Nxf2 23. Kxf2 Ng4+ 24. Kg1 Bxc3 25. bxc3 Rxc3 26. Re1 Ne3 27.
Bh3 R8c4 28. Nf4 Ra4 29. Rb3 Ra3 30. Be6+ Kg7 31. Rxa3 Rxa3 32. Bb3 Nf5 33. Nd5
Ra5 34. Nxe7 Nd4 35. Rd1 Nxb3 36. axb3 Rc5 37. Rd3 a5 38. Kg2 b5 39. Kf3 Kf6 40.
Nd5+ Ke5 41. Nb6 Ke6 42. Ke4 Re5+ 43. Kd4 Rh5 44. h4 Kd6 45. Rc3 Rf5 46. Nc8+
Kd7 47. Nb6+ Kd6 48. Ke4 Re5+ 49. Kf4 Rf5+ 50. Ke4 Re5+ 51. Kd4 Rf5 52. Re3 g5
53. Nc8+ Kd7 54. Ne7 Rf7 55. Nd5 gxh4 56. gxh4 Kd6 57. Nc3 Rf5 58. Ne4+ Kc6 59.
Rc3+ Kb6 60. Nd6 Rh5 61. Rh3 Kc6 62. Ne4 Rd5+ 63. Ke3 a4 64. bxa4 bxa4 65. Kf4
Ra5 66. Ra3 Ra8 67. Nc3 Kd6 68. Rxa4 Rf8+ 69. Kg5 Rf3 70. Ne4+ Ke6 71. Kg4 Rf1
72. Ng5+ Ke5 73. Nxh7 Rg1+ 74. Kh5 Ke6 75. Ng5+ Kf6 76. Ra6+ Kg7 77. Ra7+ Kh8
78. Kh6 1-0

[Event "SportAccord Blitz 2014"]
[Site "Beijing CHN"]
[Date "2014.12.13"]
[Round "6.5"]
[White "Aronian, Levon"]
[Black "Ponomariov, Ruslan"]
[Result "1-0"]
[WhiteTitle "GM"]
[BlackTitle "GM"]
[WhiteElo "2797"]
[BlackElo "2714"]
[WhiteFideId "13300474"]
[BlackFideId "14103320"]
[EventDate "2014.12.13"]

1. Nf3 d5 2. d4 e6 3. c4 dxc4 4. e3 a6 5. Bxc4 c5 6. O-O Nf6 7. Nc3 b5 8. Be2
Nbd7 9. d5 exd5 10. Nxd5 Bb7 11. Nxf6+ Qxf6 12. a4 b4 13. e4 Be7 14. Bc4 Rd8 15.
Qe2 Qg6 16. Bf4 O-O 17. Bc7 Rc8 18. Bg3 a5 19. Rfe1 Nb6 20. Bb5 Rfd8 21. Ne5 Qe6
22. Nc4 Nxc4 23. Bxc4 Qg6 24. f3 Bc6 25. b3 h5 26. Rad1 h4 27. Bf4 Bf6 28. Be3
Bd4 29. Bxd4 cxd4 30. h3 Qg5 31. Qf2 Bxa4 32. f4 Qh6 33. Rxd4 Bc6 34. f5 a4 35.
bxa4 Bxa4 36. e5 Rxd4 37. Qxd4 Qg5 38. e6 Bc6 39. exf7+ Kh7 40. Qf2 Rd8 41. f6
gxf6 42. Re7 Rf8 43. Re6 Bb7 44. Rxf6 Qc1+ 45. Bf1 Kg7 46. Rf4 1-0

[Event "SportAccord Blitz 2014"]
[Site "Beijing CHN"]
[Date "2014.12.13"]
[Round "6.6"]
[White "Gelfand, Boris"]
[Black "Wang, Hao"]
[Result "1/2-1/2"]
[WhiteTitle "GM"]
[BlackTitle "GM"]
[WhiteElo "2743"]
[BlackElo "2710"]
[WhiteFideId "2805677"]
[BlackFideId "8602883"]
[EventDate "2014.12.13"]

1. d4 d5 2. c4 c6 3. Nf3 Nf6 4. e3 Bf5 5. Nc3 e6 6. Nh4 Bg6 7. Nxg6 hxg6 8. Rb1
Nbd7 9. c5 e5 10. b4 a6 11. g3 Be7 12. Bg2 O-O 13. O-O Re8 14. a4 Qc8 15. b5 Bd8
16. Bd2 axb5 17. axb5 Ba5 18. Qc2 exd4 19. exd4 Nf8 20. Ra1 Bxc3 21. Bxc3 Ne4
22. Rxa8 Qxa8 23. Ra1 Qd8 24. bxc6 bxc6 25. Bb2 Qb8 26. f3 Nf6 27. Bc3 Ne6 28.
Qd3 Qc7 29. Bd2 Rb8 30. Re1 Qa7 31. Bh3 Nf8 32. Bc3 Rb3 33. Qd2 Qa4 34. Bf1 Ne6
35. Ra1 Ra3 36. Rxa3 Qxa3 37. Qb2 Qa4 38. Be2 g5 39. h3 g6 40. Kf2 Kg7 41. Qa1
Qc2 42. Qb2 Qa4 43. Qa1 Qc2 44. Qb2 Qf5 45. Kg2 Nh5 46. Bf1 Qf6 47. Qd2 Qf5 48.
Qb2 Qf6 49. Qd2 Qf5 50. Qb2 Qf6 51. Qd2 1/2-1/2

[Event "SportAccord Blitz 2014"]
[Site "Beijing CHN"]
[Date "2014.12.13"]
[Round "7.1"]
[White "Bacrot, Etienne"]
[Black "Dominguez Perez, Leinier"]
[Result "0-1"]
[WhiteTitle "GM"]
[BlackTitle "GM"]
[WhiteElo "2718"]
[BlackElo "2726"]
[WhiteFideId "605506"]
[BlackFideId "3503240"]
[EventDate "2014.12.13"]

1. d4 Nf6 2. Nf3 g6 3. g3 Bg7 4. Bg2 d5 5. O-O O-O 6. Bf4 c6 7. Qc1 Bf5 8. Rd1
Nbd7 9. c4 Qb6 10. c5 Qd8 11. Nc3 Re8 12. Nh4 Be6 13. b4 b6 14. b5 Qc8 15. e4
bxc5 16. bxc6 Qxc6 17. exd5 Nxd5 18. dxc5 Bxc3 19. Qxc3 Nxc3 20. Bxc6 Nxd1 21.
Rxd1 Nxc5 22. Be3 Rad8 23. Rc1 Nd7 24. Bxa7 Rc8 25. Be3 Red8 26. Nf3 Bxa2 27.
Bg5 0-1

[Event "SportAccord Blitz 2014"]
[Site "Beijing CHN"]
[Date "2014.12.13"]
[Round "7.3"]
[White "Ponomariov, Ruslan"]
[Black "Gelfand, Boris"]
[Result "1/2-1/2"]
[WhiteTitle "GM"]
[BlackTitle "GM"]
[WhiteElo "2714"]
[BlackElo "2743"]
[WhiteFideId "14103320"]
[BlackFideId "2805677"]
[EventDate "2014.12.13"]

1. d4 Nf6 2. c4 g6 3. f3 e6 4. e4 c5 5. d5 d6 6. Nc3 Bg7 7. Bg5 h6 8. Be3 exd5
9. cxd5 O-O 10. Qd2 a6 11. a4 Re8 12. Nge2 Nbd7 13. Ng3 h5 14. Be2 h4 15. Nf1
Nh7 16. Bf2 f5 17. Ne3 f4 18. Nc4 Qf6 19. g3 Bh6 20. gxh4 Ne5 21. Nxe5 Qxe5 22.
Rg1 Kf7 23. Rb1 Bg7 24. Bd3 Bd7 25. Ne2 Bh6 26. b4 b6 27. a5 Rab8 28. axb6 Rxb6
29. bxc5 Rxb1+ 30. Bxb1 Rb8 31. Bc2 Qa1+ 32. Qd1 Qa5+ 33. Qd2 Qa1+ 34. Qd1 Qa5+
35. Qd2 Qa1+ 36. Qd1 Qa5+ 37. Qd2 1/2-1/2

[Event "SportAccord Blitz 2014"]
[Site "Beijing CHN"]
[Date "2014.12.13"]
[Round "8.2"]
[White "Aronian, Levon"]
[Black "Nepomniachtchi, Ian"]
[Result "1-0"]
[WhiteTitle "GM"]
[BlackTitle "GM"]
[WhiteElo "2797"]
[BlackElo "2714"]
[WhiteFideId "13300474"]
[BlackFideId "4168119"]
[EventDate "2014.12.13"]

1. Nf3 g6 2. e4 Nf6 3. Nc3 d5 4. e5 Ne4 5. Ne2 Bg4 6. h3 Bxf3 7. gxf3 Ng5 8. Nd4
Nc6 9. Nxc6 bxc6 10. h4 Ne6 11. h5 d4 12. hxg6 fxg6 13. Bc4 Qd7 14. d3 Bg7 15.
f4 O-O-O 16. c3 Rdf8 17. Qb3 Nc5 18. Qb4 1-0

[Event "SportAccord Blitz 2014"]
[Site "Beijing CHN"]
[Date "2014.12.13"]
[Round "8.5"]
[White "Dominguez Perez, Leinier"]
[Black "Wang, Hao"]
[Result "1-0"]
[WhiteTitle "GM"]
[BlackTitle "GM"]
[WhiteElo "2726"]
[BlackElo "2710"]
[WhiteFideId "3503240"]
[BlackFideId "8602883"]
[EventDate "2014.12.13"]

1. e4 c6 2. Nc3 d5 3. Nf3 Bg4 4. h3 Bxf3 5. Qxf3 e6 6. d4 dxe4 7. Qxe4 Nf6 8.
Qd3 Nbd7 9. g3 g6 10. Bg2 Bg7 11. O-O O-O 12. Rd1 Qe7 13. Ne2 Rfd8 14. c3 a5 15.
Qc2 a4 16. a3 e5 17. Bg5 h6 18. Bd2 exd4 19. Nxd4 Nc5 20. Re1 Qf8 21. Rad1 Re8
22. Rxe8 Rxe8 23. Bc1 Qe7 24. Nf3 Nd5 25. Nd4 Qe5 26. Bd2 Qh5 27. Nf3 g5 28. Nd4
Bxd4 29. cxd4 Nb3 30. Bc3 Re2 31. Qd3 Nxc3 32. bxc3 Ra2 33. Re1 Qg6 34. Re8+ Kg7
35. Qe3 Qf6 36. Rb8 b5 37. Bf3 Nd2 38. Be2 Nc4 39. Bxc4 bxc4 40. Rc8 Qf5 41. Ra8
Qb1+ 42. Kg2 Qf5 43. Rxa4 Qd3 44. Qe5+ Kh7 45. Ra8 Qc2 46. Rh8+ 1-0

[Event "SportAccord Blitz 2014"]
[Site "Beijing CHN"]
[Date "2014.12.13"]
[Round "9.5"]
[White "Vachier-Lagrave, Maxime"]
[Black "Wojtaszek, Radoslaw"]
[Result "1-0"]
[WhiteTitle "GM"]
[BlackTitle "GM"]
[WhiteElo "2758"]
[BlackElo "2744"]
[WhiteFideId "623539"]
[BlackFideId "1118358"]
[EventDate "2014.12.13"]

1. c4 e6 2. Nf3 Nf6 3. g3 d5 4. Bg2 dxc4 5. O-O a6 6. Qc2 Nbd7 7. Qxc4 b5 8. Qc2
Bb7 9. b3 Be7 10. Bb2 O-O 11. a4 c5 12. d3 Qb6 13. Nbd2 Nd5 14. Rfc1 Rac8 15.
axb5 axb5 16. Ne4 Nb4 17. Qc3 f6 18. Bh3 Rfe8 19. Qd2 Nd5 20. Qa5 Bf8 21. Qxb6
N5xb6 22. Ra5 Bc6 23. Nc3 b4 24. Ne4 Bxe4 25. dxe4 c4 26. bxc4 Nxc4 27. Ra6 Kf7
28. Ra7 Nb6 29. Rxc8 Rxc8 30. Nd4 Re8 31. Rc7 Bc5 32. Nb3 Rc8 33. Rb7 Ke7 34. e3
Na4 35. Bd4 Bd6 36. Kg2 Nc5 37. Bxc5 Bxc5 38. Bg4 Bd6 39. Nd4 Rc7 40. Rxc7 Bxc7
41. Bxe6 Nc5 42. Bd5 Kf8 43. f3 Be5 44. Kf1 g5 45. Ke2 h5 46. f4 Bd6 47. h4 gxh4
48. gxh4 Ke8 49. Kd2 Na4 50. Nf5 Bc5 51. Ng7+ Kd7 52. Nxh5 Be7 53. Ng3 Nc3 54.
Bb3 Bc5 55. h5 Bf8 56. Kd3 Nb1 57. Nf5 1-0